000 03384nam a22002177a 4500
003 OSt
005 20260407131328.0
008 260407b |||||||| |||| 00| 0 eng d
040 _aLC
_bENG
_cLC
_dABK
_eRDA
082 _223rd ed.
_a348.044
_bHIG
245 _aThe high court bulletin [2012] H.C.B Vol. 1 :
_b(a digest of judgements and orders of the supreme court of Uganda, the court of appeal of Uganda, the constitutional court and the high court of Uganda) /
_cedited by Didas Bakunzi Mufasha, Rose Kawesa Nalule.
260 _a Kampala, Uganda :
_b The Law Development Center,
_cJanuary/December 2012.
300 _a86 pages:
_c28 cm.
505 _aAdministrator General Suing Through Karoli Mwebe and Another Vs. Kitata Abudallar and 11 Others (Hc)...76… Akankwasa Damian Vs. Uganda (SC)...24… Akright Projects Limited Vs. Executive Property Holdings Limited and 12 Others (SC)...7 ... Bukenya Joseph Vs, Uganda (SC)... 1… Centre for Human Rights and Development And Others Vs. Attorney General (CC) ...69 … DFCU Ltd and DFCU Leasing Co.Ltd Vs. Sam R. Mutongole (CA)...74… 201 Former Employees of G4s Security Services Uganda Limited Vs. G4s Security Services Uganda Limited (SC)... 27.. Joel Kato and Another Vs. Nuulu Nalwoga (SC)...30… John Kaye Vs. Attorney General (CC)...48… Kakooza Jonathan and Another Vs. Kasaala Co-Operative Society Limited (SC)...9… Kanyeihamba and Others Vs. Amos Nzeyi and Others (HC)...85… Kasibante Moses Vs. Electoral Commission (CA)...60… Komakech Geoffrey and Another Vs. Rose Akol Okullo and 2 Others (SC)...18… Kyambadde Henry and Another Vs. 1. Uganda Electricity Transmission Company Ltd 2. Uganda Electricity Distribution Company 3. Uganda Electricity Board (In Liquidation) And 4. Attorney General (HC)...80… Madhvani International S.A. Vs. Attorney General (SC)...15…Maria Christina Valvo Vs. The Commissioner Land Registration (HC)…78... Molly Kyalukinda Turinawe and 4 Others Vs. Ephraim Turinawe and Another (SC) ...12 ...Muwema & Mugerwa Advocates and Solicitor Vs. Shell (U)Limited And 10 Others (CA)...51…National Forestry Authority Vs. Sam Kiwanuka (SC)...37… Omunyokol Akol Johnson Vs. Attorney General (CA)...55… Pentecostal Assemblies Of God Ltd Vs. Trans Sahara International (U) Ltd (Judgment Debtor) And The United Nations African Institute for The Prevention Of Crime And Treatment Of Offenders (Objector) (SC)…21… Samuel Lubega And 2 Others Vs. Stanbic Bank Uganda Limited (SC)…33…Semyalo Michael Vs. The Registered Trustees of Kampala Archdiocese (SC)...40… Spear Motors Limited Vs. Attorney General and Others (HC)...33… Sulaiman Muwonge Lubega Vs. Attorney General (CA)…63…Trade Impex Ltd Vs. Chris Sserunkuma And Christine Okot Chono (CA)…72… Tropical Africa Bank Ltd. Vs. Grace Were Muhwana (SC)...35…Twinobusingye Severino Vs. Attorney General (CC)…65… Uganda Railways Corporation Vs. Bushenyi Commercial Agencies and Two Others (CA)...58… Uganda Revenue Authority Vs. Wanume David Kitamirike (CA)....43… Uganda Vs. Gurindwa Paul Tumusiime And 5 Others (SC)...5… Yoda Atiku And Another Vs. Uganda (SC)...3
650 _a High court Bulletin
_967701
650 _aSupreme Court of Uganda
_967702
650 _aCourt of appeal of Uganda
_967703
700 _a Mufasha, Didas Bakunz
_967704
700 _aNalule, Rose Kawesa
_967705
942 _2ddc
_cBOOK
999 _c40185
_d40184